Vliv elektronického obchodu na procesy obchodní logistiky
Vplyv rozvoja elektronického obchodu na procesy obchodnej logistiky: oblasť dodávateľsko-odberateľských vzťahov, oblasť maloobchodného predaja, distribúcia tovaru v hmotnej a nehmotnej podobe, oblasť transakcií medzi spotrebiteľmi.
Gespeichert in:
| 1. Verfasser: | |
|---|---|
| Format: | Buchkapitel |
| Sprache: | Tschechisch |
| Schlagworte: | |
| Tags: |
Keine Tags, Fügen Sie das erste Tag hinzu!
|
MARC
| LEADER | 00000naa$a2200000$$$4500 | ||
|---|---|---|---|
| 001 | 0002200 | ||
| 005 | 20231003123726.7 | ||
| 041 | 0 | |a cze | |
| 044 | |a CZ | ||
| 245 | 1 | 0 | |a Vliv elektronického obchodu na procesy obchodní logistiky |c aut. Radek Froulík |
| 520 | |a Vplyv rozvoja elektronického obchodu na procesy obchodnej logistiky: oblasť dodávateľsko-odberateľských vzťahov, oblasť maloobchodného predaja, distribúcia tovaru v hmotnej a nehmotnej podobe, oblasť transakcií medzi spotrebiteľmi. | ||
| 610 | 2 | 0 | |a logistika |
| 610 | 2 | 0 | |a obchod elektronický |
| 610 | 2 | 0 | |a obchod |
| 610 | 2 | 0 | |a vzťahy dodávateľsko-odberateľské |
| 610 | 2 | 0 | |a distribúcia |
| 610 | 2 | 0 | |a spotrebitelia |
| 100 | 1 | |a Froulík, Radek | |